Loading...
| Current Events | 3 | 13.33 | 100% | 33% | 0% |
| Fine Arts - Classical Music | 8 | 13.75 | 100% | 25% | 13% |
| Fine Arts - Other | 9 | 10.00 | 78% | 22% | 0% |
| Fine Arts - Painting & Sculpture | 8 | 12.50 | 88% | 38% | 0% |
| Geography | 6 | 16.67 | 100% | 67% | 0% |
| History - American | 6 | 11.67 | 100% | 17% | 0% |
| History - European | 8 | 10.00 | 63% | 38% | 0% |
| History - Other | 6 | 18.33 | 100% | 67% | 17% |
| History - World | 10 | 14.00 | 90% | 50% | 0% |
| Literature - American | 7 | 8.57 | 71% | 14% | 0% |
| Literature - British | 7 | 8.57 | 71% | 14% | 0% |
| Literature - European | 8 | 8.75 | 63% | 25% | 0% |
| Literature - World | 9 | 12.22 | 100% | 22% | 0% |
| Mythology | 2 | 10.00 | 100% | 0% | 0% |
| Other Academic | 5 | 14.00 | 100% | 40% | 0% |
| Philosophy | 11 | 14.55 | 73% | 64% | 9% |
| Religion | 8 | 11.25 | 88% | 13% | 13% |
| Science - Biology | 7 | 14.29 | 100% | 29% | 14% |
| Science - Chemistry | 9 | 12.22 | 89% | 33% | 0% |
| Science - Other | 13 | 11.54 | 92% | 23% | 0% |
| Science - Physics | 5 | 14.00 | 100% | 40% | 0% |
| Social Science | 8 | 12.50 | 100% | 25% | 0% |